Random Zach Bryan Lyrics to Song - Statistics

General Stats
  • This quiz has been taken 470 times
  • The average score is 5 of 15
Answer Stats
Lyric Song % Correct
So take me down a road that's a little bit windy Hey Driver
92%
Baptize me in a bottle of Beam / Put Johnny on the vinyl Revival
89%
Was a boy who was a dreamer / And he flew so high and proud Heading South
88%
My exes hate me and my friends all miss me / I wanna drown in rotgut whiskey Burn, Burn, Burn
87%
Blame it on the beach, grown men don't cry I Remember Everything
82%
So clean the house, clear the drawers, mop the floors, stand tall Pink Skies
82%
You'll probably be nothing but this town's old drunkard Nine Ball
79%
If I say I miss you I know that you won’t Something in the Orange
76%
I lost friends in the August heat / At night it was God I’d always meet East Side of Sorrow
75%
Screen door cracked with a ball game on / Man on the porch singin' baritone American Nights
74%
I've been here, I've been up all night / Thinkin' 'bout a life with you and I Oklahoma Smokeshow
71%
I heard you died out in Cheyenne / With my mother's ring on your hand Open the Gate
71%
Find someone who grows flowers in the darkest parts of you Sun to Me
71%
I get fucked up just 'cause I'm scared / Love's just another drug Dawns
69%
There's delays on the planes out of Eastern Montana Tourniquet
67%
Remember when David dashed / A 12-pack of Budweiser heavy for the road? Heavy Eyes
61%
Road dogs are built for sleepin' in / I've been up since 4AM Sarah's Place
61%
I am just a sickness and you seem to be a cure From Austin
60%
You remember sittin’ there / On a rainy night in a well-used chair November Air
57%
I'll be upstairs with the guitar I was given / When I was barely fourteen 28
55%
My mother is a saint and told me if I wait / Everything meant to be will stay Spotless
55%
If you're reading this letter / Tell my mother and my brother that I love 'em Oak Island
53%
Well I wanna die an old man / Messed up stories of me and all my old friends God Speed
51%
You'll never know dear / How much I love you You Are My Sunshine
50%
They can tell how much I mean it by the bloodshot in my eye Condemned
49%
I've been comin' down on a Greyhound that is westbound to the sea Deep Satin
48%
The kids talk about you around here like you're some kind of legend Oklahoma City
48%
Take my soul, take my heart / Tear me apart '68 Fastback
47%
You only love me like you mean it when it's after dark Fear and Friday's
47%
When she got to the parking lot his knees were already blown Crooked Teeth
46%
I hear Jesus makes sin white as linen / Like the sheets that we're in Snow
46%
Walkin' such a tight rope with my damn high hopes / Country boys don't die alone Motorcycle Drive By
45%
There ain't a thing a man can do / She'll only love you for you Smaller Acts
45%
But you stuck around when I was down / And I'll owe you all my days Boys Of Faith
44%
She’s broken hearted as he’s ridin’ away / On a motorbike out to East L.A. Fifth of May
41%
We'll find a porch to hold us / Where we could all scream Childers Flying or Crying
41%
You can't lie to yourself after loving something true Letting Someone Go
41%
I pray I get back to my loving lady's gaze / Rifle in my hand Quittin' Time
41%
The shape you take when you lay like that / Reminds me of a love I never had Sandpaper
40%
I saw you in my dreams last night / Had a vandal grin framed by a suit and tie The Way Back
40%
I wanna stay humble / I wanna hear my father say that he loves me Overtime
39%
This world's not for showin' mercy / I got pictures of us that hurt me Sweet DeAnn
39%
So darling, won’t you like back / And just let an old flame warm you Washington Lilacs
39%
Hold me through the shakes / Though it's more than I can take Darling
38%
Them Christians are talkin' so often of coffins Ninth Cloud
38%
Chemicals and nicotine / Friends ask how you've been Poems and Closing Time
38%
Won't you pray for me tonight / I've been heading down a dark cold road Tishomingo
37%
'Cause I was raised by a woman who was hardly impressed Bass Boat
36%
You don't know your own name but you know mine Billy Stay
36%
My brother from Tulsa got himself a warrant / He's on the run up in Cheyenne The Great American Bar Scene
36%
It's a long road to heaven / It's a far drop to hell Towers
36%
I am unhinged unworthy and distasteful to mostly everyone I meet Fear and Friday's (Poem)
35%
Was it the sunset on her cheeks / Leading down to a delicate collarbone Mine Again
35%
The way the grass smells at night / And you’ve got flames all in your eyes The Good I'll Do
34%
How do I make you fall in love with me? / How do I let you know I care? Loom
33%
So don't get hateful, Lord, hot damn / There's a fire burnin' in the back forty Better Days
32%
The best parts of you are here, but you're still gone Jake's Piano - Long Island
32%
But he ain't gonna stop for any cop / From here to damn near Wichita County Jamie
32%
If every hour's 14 dollars or a chance closer to her Quiet, Heavy Dreams
32%
There's some headlights burning down the highway Traveling Man
31%
If you need me you can find me / Slightly out of control Highway Boys
30%
I ain’t ever rode a horse / Or worn a cowboy hat If She Wants a Cowboy
30%
The only thing you’ll ever own / Are high hopes and a pocket comb She's Alright
30%
I'm cuttin' ties with things that bind my heart to this world Ticking
30%
Well my Levi jean queen / I've been here all night, see Younger Years
29%
And it's been ten years / I haven't called you once Happy Instead
28%
Just stay walkin' that line / 'Cause they'll eat and they'll spit you Like Ida
27%
If I had the chance, babe / To go back in time, maybe I'd try a time or two Starved
27%
I am not a bad man but there's bullets in my skin Birmingham
26%
So damn you and damn all / Your ties to this machine Cold Damn Vampires
26%
You can choose to change the chains that chain you down Half Grown
26%
I heard life is what passes when you're too busy living Late July
26%
I wish I could explain how these toxins in my brain get me so damn down Leaving
26%
I'd rather die a desperate man than a man that got caught Matt and Audie
26%
Well my day dreaming, people pleasing, bright on dark days girl Blue
25%
And I don't know where I am, but I know exactly where I am This Road I Know
25%
How come every song I sing you say has already been sung? All the Time
24%
I'll clench my teeth on New Year's Eve and try to talk to ghosts Lucky Enough (Poem)
24%
Maybe I'd rest before I die if I weren't a flatland boy Purple Gas
24%
'Cause all my friends lack self control and empathy High Road
23%
I’ll turn a saint into a heathen with my hands going through your hair Messed Up Kid
23%
Mama, I made a million dollars on accident Northern Thunder
23%
Fireflies and some schemin' eyes / Will turn this house into a home The Outskirts
23%
Girls today will drink all day / And fall in love with any boy they see Don't Give up on Me
22%
‘Cause I got hope in tomorrow and regret in yesterday Hopefully
22%
You can't hide where you're from / Nightcrawler blood on your castin' thumb Oklahoman Son
22%
The dinners you missed so your daughters could eat at this table Old Man
22%
You can’t get out of your own mind so you settle in and coast Driving
21%
My past lives inside me and it’s branched out from my liver Let You Down
21%
My lungs have been hurtin' / And it's likely my liver has taken a lickin' too Memphis; The Blues
21%
Lonely longin' troubadour, you ain't the boy you were before No Cure
21%
And I called last week to talk to my favorite old Devil Dog El Dorado
20%
If you love that girl then you’ve got to set her free A Boy Like You
18%
I've seen children playin' under coastlines / Under the white lines Summertime's Close
18%
So give me somethin' I can't fake / That rich boys can't manipulate Tradesman
18%
Jet trails cut across a Winthrop County sky Corinthians (Proctor's)
17%
'Cause old dogs bark way too loud / And talk shit on the weekend crowd Holy Roller
17%
The radio man came to fuck it up as he boasts ‘bout number ones Me and Mine
17%
Wildflowers and a neck tattoo / I am next to you and I ain't ever gonna stay Sober Side of Sorry
17%
The way those rivers flow in July / Keeps the lakes from goin' dry Moon in Oklahoma
16%
I fucking hate love / But I love you in the evenings Morning Time
16%
When you wake in the morning / To the sound of me snoring Shivers Down Spines
16%
Are you happy now Anita? / Now that you’re finally free? Codeine Pills - Part One
15%
There ain't a man in this county that can keep me employed Whiskey Fever
15%
I'm beat up but I'm alright / I'll be in town 'til late tonight Boons
14%
This world has been so cruel to me and it's been the same to them Come As You Are
14%
The only outlaw I've known / Served in the Corps Bathwater
13%
Water that’s cold as ice / You’ll be my muse and I’ll be your vice Cold Blooded
13%
There's a smile on a photo catchin' dust in your old apartment Mechanical Bull
13%
Are you gonna be a good man to me or die the way your mother died? From a Lover's Point of View
11%
I got too high on the couch last Sunday / She said it was fine High Beams
11%
There’s a fire burning in the basement / That I’ll only stoke for you Mine
11%
There's a sun settin' and I ain't forgettin' / The blood that made my heart warm Someday (Maggie's)
11%
I think grandfather's gone crazy / Keeps ramblin' on about way back when Right Now the Best
10%
And I hope we make it out of all these younger years alive Hope Again
9%
I hope you find whatever it is you need / Leave it behind Man That's Never Known You
9%
Takes blood and guts just to get to where we were Us Then
9%
You said "Brother this road's straight" / "You're just drunk and it's gettin' early" Doing Fine
8%
And it was cold but I's warmer than I'd ever been Funny Man
8%
You shade the sun from your eyes on the creek's edge, darlin' Twenty So
7%
I heard breathin' in the world is the thief of joy This World's a Giant
6%
And there's so many lying people / And to them I pay no mind Hell or Highwater
5%
Pool in Colorado after snow all night / Rained in Carolina but we played just fine The Greatest Day of My Life
5%
I've got nothing left to prove / Out of touch and out of tune, singin' alone Summertime Blues
3%
Make amends with the boy you were / But not the man you are Pain, Sweet, Pain
0%
No matching quizzes found
Score Distribution
Percent of People with Each Score
Percentile by Number Answered
Your Score History
You have not taken this quiz